000 00292 a2200097 4500
090 _c4279
_d4279
100 _aPatricia Hayes Andrews
245 _aOrganizational Communication
_bEmpowerment in a Techological Society
260 _aA.I.T.B.S.
_bNew Delhi
_c1998
942 _aNBS
_cBK
_k016.3011832 AND
999 _c346726
_d346726